Grand Theft Auto III Vehicles - Statistics

General Stats
  • This quiz has been taken 66 times
  • The average score is 29 of 55
Answer Stats
Answer % Correct
Police
87%
Kuruma
85%
Stallion
85%
Sentinel
83%
Banshee
81%
Ambulance
79%
Taxi
77%
Cheetah
75%
Mafia Sentinel
75%
Dodo
73%
Infernus
73%
Yakuza Stinger
71%
Rumpo
69%
Diablo Stallion
67%
Pony
67%
Rhino
67%
Fire Truck
65%
Manana
65%
Landstalker
63%
Bobcat
62%
FBI Car
62%
Stinger
62%
Yardie Lobo
62%
Perennial
60%
Triad Fish Van
60%
Cabbie
58%
Patriot
58%
Yankee
56%
Esperanto
52%
Mule
52%
Blista
50%
Bus
50%
Cartel Cruiser
44%
Enforcer
44%
Idaho
44%
Stretch
44%
Trashmaster
42%
Barracks OL
40%
Coach
40%
BF Injection
38%
Moonbeam
38%
Mr Whoopee
38%
Securicar
38%
Flatbed
37%
Linerunner
37%
Hoods Rumpo XL
35%
Reefer
33%
Speeder
33%
TOYZ
31%
Borgnine
29%
Ghost
27%
Mr. Wongs
21%
Predator
21%
Panlantic
17%
RC Bandit
13%
No matching quizzes found
Score Distribution
Percent of People with Each Score
Percentile by Number Answered
Your Score History
You have not taken this quiz